[Event "AUTO-ADV-4815"]
[Site "http://www.queenalice.com/game.php?id=1848309"]
[Date "2024.12.4"]
[Round "2"]
[White "stoyan1"]
[Black "Zeca1955"]
[Result "1-0"]
[WhiteElo "2060"]
[BlackElo "1951"]

1. e4 e5 2. Nf3 d6 3. Bc4 Nf6 4. Nc3 h6 5. O-O c6 6. d4 Bg4 7. h3 Bh5 8. dxe5
Bxf3 9. gxf3 Nh7 10. Bf4 Qh4 11. Bh2 Nd7 12. exd6 f6 13. Be6 O-O-O 14. Bg3 Qg5
15. Bf5 Kb8 16. f4 Bxd6 17. fxg5 Bxg3 18. fxg3 Ne5 19. Qe2 Nxg5 20. h4 Ngf7 21.
Rad1 g6 22. Rxd8+ Rxd8 23. Be6 Nd6 24. Rxf6 h5 25. Bb3 Ng4 26. Rxg6 b5 27. Rg8
Rxg8 28. Bxg8 b4 29. Na4 a5 30. Be6 Ka7 31. Bxg4 hxg4 32. Qxg4 1-0

[Event "AUTO-ADV-4815"]
[Site "http://www.queenalice.com/game.php?id=1848310"]
[Date "2024.12.4"]
[Round "2"]
[White "Zeca1955"]
[Black "stoyan1"]
[Result "1-0"]
[WhiteElo "1929"]
[BlackElo "2082"]

1. e4 e5 2. Nf3 d6 3. d4 Nc6 4. Bb5 Bd7 5. c3 a6 6. Ba4 b5 7. Bb3 Bg4 8. d5 Na5
9. O-O Nf6 10. Re1 h6 11. h3 h5 12. h4 Bxf3 13. Qxf3 Be7 14. Nd2 c5 15. Bc2 Qd7
16. b4 Nb7 17. a3 Ng4 18. Nf1 Rh6 19. Bxh6 gxh6 20. Ng3 Nf6 21. Nf5 O-O-O 22.
Nxh6 Qe8 23. Nf5 Rd7 24. a4 Rc7 25. Bd3 c4 26. Bc2 Ng4 27. Ng7 Qg8 28. Nxh5 Bxh4
29. g3 Qg6 30. Bd1 Qxh5 31. Qxg4+ 1-0

[Event "AUTO-ADV-4815"]
[Site "http://www.queenalice.com/game.php?id=1848311"]
[Date "2024.12.4"]
[Round "2"]
[White "stoyan1"]
[Black "Capixaba789"]
[Result "1-0"]
[WhiteElo "2070"]
[BlackElo "1972"]

1. d4 e5 2. dxe5 Bc5 3. f4 Nh6 4. Qd3 O-O 5. h3 d5 6. Nf3 Nf5 7. g4 Ng3 8. Rh2
Nxf1 9. Kxf1 Nc6 10. c3 a5 11. Ng5 g6 12. Be3 d4 13. Bf2 Ba7 14. Nf3 Be6 15.
Nxd4 Nxd4 16. cxd4 c6 17. Nd2 Bd5 18. Nc4 b5 19. Nd6 a4 20. b3 a3 21. f5 Qg5 22.
e4 Be6 23. f6 b4 24. Qe3 Qxe3 25. Bxe3 Rfd8 26. Rc2 Bd7 27. Rac1 Bb8 28. d5 cxd5
29. Bb6 Rf8 30. exd5 Ba7 31. Bxa7 Rxa7 32. Rc7 Rxc7 33. Rxc7 Rd8 34. Kf2 1-0

[Event "AUTO-ADV-4815"]
[Site "http://www.queenalice.com/game.php?id=1848312"]
[Date "2024.12.4"]
[Round "2"]
[White "Capixaba789"]
[Black "stoyan1"]
[Result "0-1"]
[WhiteElo "2002"]
[BlackElo "2056"]

1. e4 e5 2. Bc4 d6 3. Nf3 Be6 4. Be2 Nc6 5. O-O h5 6. d4 Bg4 7. d5 Nd4 8. c3
Nxe2+ 9. Qxe2 a6 10. Qd3 f6 11. Be3 g5 12. Bd2 Bxf3 13. Qxf3 Bg7 14. Na3 Ne7 15.
Bxg5 fxg5 16. Nc4 Qd7 17. Qe3 Bh6 18. a4 g4 19. Qg3 Ng6 20. a5 Qb5 21. Ne3 Nf4
22. Kh1 Bg5 23. Nf5 Ne2 24. c4 Nxg3+ 25. fxg3 Qxc4 26. Rac1 Bxc1 0-1

[Event "AUTO-MASTER-3245"]
[Site "http://www.queenalice.com/game.php?id=1849471"]
[Date "2024.12.29"]
[Round "1"]
[White "Esvir"]
[Black "stoyan1"]
[Result "1-0"]
[WhiteElo "2034"]
[BlackElo "2049"]

1. e4 e5 2. Nf3 d6 3. Nc3 Be6 4. d4 exd4 5. Nxd4 a6 6. Nxe6 fxe6 7. Be2 Be7 8.
O-O Nc6 9. Be3 Nf6 10. f4 Qd7 11. a3 d5 12. exd5 Nxd5 13. Nxd5 exd5 14. f5 O-O-O
15. f6 Bxf6 16. Bg4 Qxg4 17. Qxg4+ Kb8 18. c3 Ne5 19. Qe2 Nc4 20. Bf4 Rhe8 21.
Qd3 Nxb2 22. Qxh7 Na4 23. Rfe1 Rh8 24. Qc2 Nc5 25. Rab1 Rh5 26. Be3 Ne4 27. Bd4
Be7 28. Qb3 b5 29. Rxe4 dxe4 30. Qf7 Rdh8 31. Qxe7 Rxh2 32. Rf1 1-0

[Event "AUTO-MASTER-3245"]
[Site "http://www.queenalice.com/game.php?id=1849472"]
[Date "2024.12.29"]
[Round "1"]
[White "stoyan1"]
[Black "Esvir"]
[Result "0-1"]
[WhiteElo "2067"]
[BlackElo "2016"]

1. c4 e5 2. Nc3 Bc5 3. e3 Nc6 4. a3 a5 5. Ne4 Ba7 6. b3 Nf6 7. Bd3 O-O 8. Qc2
Nxe4 9. Bxe4 d6 10. Bxh7+ Kh8 11. Be4 f5 12. Bxc6 bxc6 13. d3 Qg5 14. f3 Bxe3
15. Nh3 Qh6 16. Ke2 Bxc1 17. Raxc1 f4 18. Nf2 Rf6 19. h3 g5 20. Ng4 Qg6 21. Nxf6
Qxf6 22. b4 Kg7 23. Qa4 Bf5 24. Qxc6 Rh8 25. Qxc7+ Kg6 26. Qxa5 e4 27. Rcd1
exd3+ 28. Kf1 Qe6 29. Rd2 Re8 0-1

[Event "AUTO-MASTER-3245"]
[Site "http://www.queenalice.com/game.php?id=1849495"]
[Date "2024.12.29"]
[Round "1"]
[White "stoyan1"]
[Black "Jsc"]
[Result "1-0"]
[WhiteElo "2065"]
[BlackElo "2102"]

1. e4 e6 2. g3 c5 3. Bg2 Nc6 4. c3 Qb6 5. Nf3 d6 6. O-O Nf6 7. d3 h6 8. b3 Qc7
9. Bb2 b5 10. c4 bxc4 11. Bxf6 gxf6 12. dxc4 Bg7 13. Nbd2 Ke7 14. Nh4 Rb8 15. f4
f5 16. exf5 Bxa1 17. Qxa1 Nd4 18. fxe6 fxe6 19. Ng6+ Kf7 20. Nxh8+ Kg7 21. Nf3
Qb6 22. Nxd4 cxd4 23. f5 e5 24. Ng6 Bxf5 25. Rxf5 Kxg6 26. Be4 Kg7 27. Qd1 Rg8
28. Qd3 Qb4 29. Bd5 Qe1+ 30. Rf1 Qb4 31. Rf7+ Kh8 32. Rh7# 1-0

[Event "AUTO-MASTER-3245"]
[Site "http://www.queenalice.com/game.php?id=1849496"]
[Date "2024.12.29"]
[Round "1"]
[White "Jsc"]
[Black "stoyan1"]
[Result "1-0"]
[WhiteElo "2105"]
[BlackElo "2082"]

1. e4 e5 2. Nf3 Nc6 3. d4 exd4 4. Nxd4 Bc5 5. c3 Ne5 6. Be3 d6 7. Nd2 Nd3+ 8.
Bxd3 Ne7 9. O-O h5 10. f4 c6 11. N2f3 Bg4 12. Qd2 h4 13. h3 Bd7 14. Bf2 f6 15.
f5 g6 16. Nxh4 g5 17. Nhf3 Qc7 18. Rae1 O-O-O 19. Nh2 d5 20. exd5 Nxd5 21. Ne6
Bxf2+ 22. Rxf2 Bxe6 23. Rxe6 Nf4 24. Re3 Qd7 25. Rff3 Rhe8 26. Rxe8 Rxe8 27. Qc2
Re1+ 28. Nf1 Qe7 29. Kf2 Ra1 30. a3 Qe1+ 31. Kg1 Nd5 32. c4 Ne3 33. Qe2 Nxf1 34.
Rxf1 Qxf1+ 35. Qxf1 Rxf1+ 36. Kxf1 c5 37. Kf2 a5 38. Kg3 Kd7 39. Kf3 Kd6 40. Ke4
Kc6 41. a4 Kd6 42. g3 1-0

[Event "AUTO-MASTER-3249"]
[Site "http://www.queenalice.com/game.php?id=1850897"]
[Date "2025.1.24"]
[Round "1"]
[White "Guilherme_Ottoni"]
[Black "stoyan1"]
[Result "1-0"]
[WhiteElo "2229"]
[BlackElo "2032"]

1. d4 d6 2. e4 e6 3. c4 g6 4. Nf3 Bg7 5. Nc3 b6 6. Be3 Bd7 7. Bd3 Ne7 8. a3 c5
9. Rc1 cxd4 10. Bxd4 e5 11. Be3 Nbc6 12. Bb1 Bg4 13. h3 Be6 14. Nb5 Nc8 15. Ba2
O-O 16. O-O f5 17. Ng5 Bf7 18. exf5 gxf5 19. Nxf7 Rxf7 20. c5 Kf8 21. Bxf7 Kxf7
22. Qd5+ Ke7 23. cxd6+ Nxd6 24. Bg5+ Bf6 25. Bxf6+ Kxf6 26. Rxc6 1-0

[Event "AUTO-MASTER-3249"]
[Site "http://www.queenalice.com/game.php?id=1850898"]
[Date "2025.1.24"]
[Round "1"]
[White "stoyan1"]
[Black "Guilherme_Ottoni"]
[Result "1/2-1/2"]
[WhiteElo "2024"]
[BlackElo "2235"]

1. d4 Nf6 2. c4 g6 3. Nc3 d5 4. c5 Bg7 5. f3 Nc6 6. e3 e5 7. Bb5 exd4 8. exd4
Qe7+ 9. Qe2 Bd7 10. Bg5 Qxe2+ 11. Ngxe2 Nb4 12. Bxd7+ Kxd7 13. O-O-O c6 14. a3
Na6 15. Kc2 Nc7 16. Nf4 h6 17. Bxf6 Bxf6 18. g3 Rae8 19. Nfe2 Ne6 20. Rd2 Re7
21. b4 Ng5 22. f4 Ne4 23. Nxe4 Rxe4 24. Rhd1 Rhe8 25. Nc3 Re3 26. Rf1 Re1
1/2-1/2

[Event "AUTO-MASTER-3249"]
[Site "http://www.queenalice.com/game.php?id=1850909"]
[Date "2025.1.24"]
[Round "1"]
[White "stoyan1"]
[Black "pomar"]
[Result "1-0"]
[WhiteElo "2032"]
[BlackElo "1870"]

1. e4 e6 2. Nf3 d5 3. exd5 Qxd5 4. Nc3 Qd8 5. Bc4 a6 6. O-O b5 7. Bd3 Bb7 8. Be4
Bxe4 9. Nxe4 c5 10. d4 cxd4 11. Nxd4 Qb6 12. Be3 Nc6 13. Nxe6 Qb7 14. Nxf8 Kxf8
15. Bc5+ Nge7 16. Nd6 Qc7 17. f4 Na7 18. b4 h6 19. f5 Kg8 20. f6 gxf6 21. Rxf6
Rh7 22. Qf3 Rd8 23. Rxf7 Rxf7 24. Qxf7+ Kh8 25. Bd4# 1-0

[Event "AUTO-MASTER-3249"]
[Site "http://www.queenalice.com/game.php?id=1850910"]
[Date "2025.1.24"]
[Round "1"]
[White "pomar"]
[Black "stoyan1"]
[Result "0-1"]
[WhiteElo "1913"]
[BlackElo "2069"]

1. f3 e5 2. Kf2 Nc6 3. e3 Nf6 4. c4 d5 5. cxd5 Nxd5 6. Qb3 b6 7. Nc3 Nxc3 8.
bxc3 a6 9. Ba3 Bxa3 10. Qxa3 Qxd2+ 11. Be2 Na5 12. Rd1 Qc2 13. Nh3 Be6 14. Ra1
Nc4 15. Qc1 Qg6 16. Rd1 O-O 17. Bxc4 Bxc4 18. Rd7 Rac8 19. Qd2 Be6 20. Rd3 Bc4
21. Rd7 Bb5 22. Re7 Rfd8 23. Qc1 Rd7 24. Rxe5 Rcd8 25. c4 Rd2+ 26. Ke1 Qxg2 27.
Qxd2 Qxd2+ 28. Kf1 Bxc4+ 29. Kg1 Qb2 30. Re1 Qxe5 31. f4 Qe6 32. Ng5 Qg4+ 33.
Kh1 Rd1 34. Rxd1 Qxd1+ 35. Kg2 Bf1+ 36. Kg3 Qe1+ 37. Kf3 Qe2+ 38. Ke4 Bg2+ 39.
Kd4 c5+ 0-1

[Event "Challenge"]
[Site "http://www.queenalice.com/game.php?id=1851433"]
[Date "2025.2.1"]
[Round "-"]
[White "jogo"]
[Black "stoyan1"]
[Result "0-1"]
[WhiteElo "1827"]
[BlackElo "2084"]

1. e4 e5 2. d4 d6 3. dxe5 Nc6 4. exd6 Bxd6 5. Nc3 Ne5 6. f4 Ng6 7. e5 Be7 8.
Qxd8+ Bxd8 9. Bb5+ c6 10. Bd3 f5 11. exf6 Bxf6 12. Ne4 N8e7 13. Nd6+ Kd7 14. Ne4
b6 15. Nf3 Nd5 16. Nxf6+ gxf6 17. Bf5+ Kc7 0-1

[Event "Challenge"]
[Site "http://www.queenalice.com/game.php?id=1851434"]
[Date "2025.2.1"]
[Round "-"]
[White "stoyan1"]
[Black "jogo"]
[Result "1-0"]
[WhiteElo "2059"]
[BlackElo "1975"]

1. e4 e5 2. c3 Nf6 3. Qc2 d5 4. d3 dxe4 5. dxe4 Bc5 6. b4 Be7 7. Bc4 h6 8. f3
O-O 9. Nh3 c6 10. Be3 b5 11. Bb3 a5 12. a3 axb4 13. O-O bxa3 14. Bc1 b4 15. cxb4
Bxb4 16. Bxa3 Bxa3 17. Rxa3 1-0

[Event "Challenge"]
[Site "http://www.queenalice.com/game.php?id=1852687"]
[Date "2025.2.23"]
[Round "-"]
[White "stoyan1"]
[Black "jogo"]
[Result "1-0"]
[WhiteElo "2106"]
[BlackElo "1778"]

1. d4 Nf6 2. f3 h6 3. Nc3 d5 4. e3 c6 5. b3 Bf5 6. g4 Bh7 7. Bd3 Bxd3 8. Qxd3 b5
9. Ba3 a5 10. Bc5 b4 11. Nce2 Nbd7 12. h4 Nxc5 13. dxc5 e5 14. Nh3 Bxc5 15.
O-O-O e4 16. fxe4 dxe4 17. Qxd8+ Rxd8 18. Rxd8+ Kxd8 19. Nd4 Bxd4 20. exd4 Re8
21. g5 hxg5 22. hxg5 Nd5 23. Kd2 e3+ 24. Ke1 Nc3 25. Rf1 Nxa2 26. Nf4 Nc3 27.
Ne2 1-0

[Event "AUTO-MASTER-3257"]
[Site "http://www.queenalice.com/game.php?id=1854019"]
[Date "2025.3.16"]
[Round "1"]
[White "stoyan1"]
[Black "Canaye14"]
[Result "1-0"]
[WhiteElo "2108"]
[BlackElo "1878"]

1. e4 e6 2. Nf3 d5 3. e5 c5 4. c3 Nc6 5. d4 Qb6 6. Na3 cxd4 7. Nxd4 Bc5 8. Nab5
Nxe5 9. b4 Bd7 10. bxc5 Qxc5 11. Bb2 Nc4 12. Bxc4 dxc4 13. O-O Bxb5 14. a4 Bc6
15. Nxc6 Qxc6 16. Qg4 g6 17. Rfd1 Ne7 18. Qg5 Nf5 19. Qf6 Rg8 20. Bc1 Qc7 21. g3
Rd8 22. Bg5 Nd6 23. Bf4 Qe7 24. Qd4 Nf5 25. Qxd8+ Qxd8 26. Rxd8+ Kxd8 27. Rb1 b6
28. a5 Ke7 29. axb6 axb6 30. Rxb6 Ra8 31. Rb4 Rc8 32. g4 Nd6 33. f3 f6 34. Ra4
e5 35. Be3 Ke6 36. h4 Rc7 37. Ra6 h6 38. Bxh6 Kd7 39. Bf8 Ne8 40. h5 gxh5 41.
gxh5 f5 42. h6 Kc8 43. Re6 Kd8 44. Be7+ Rxe7 45. Rxe7 Nf6 46. Rf7 Nd5 47. h7 1-0